MDQL
is popping MORE tags! Check the
thread
!
Quizzes
Events
Quiz Creation
Community
Videos
Private Events
Remove Ads
Sign In
Join for FREE
Feedback
Dark Mode
Quiz Categories
Sports
Geography
Music
Movies
Television
Just For Fun
Miscellaneous
History
Literature
Language
Science
Gaming
Entertainment
Religion
Holiday
For Kids
Quiz Lab
Recent
Popular Today
Quiz Kudos Today
Editor Picks
Curator Picks
Quizzes by...
Day
Popularity
Type
Ratings
Length
Year
Community
Subscriptions
Recent Discussions
Orange Saloon
Badges
Playlists
Quests
Create
Leaderboards
Showdown
Live 5
Trivia Bingo
Activity
Puzzle Library
Sporcle Events
Private Events
Virtual Trivia
Globe League
Become a Host
Pub Owners
SporcleCon
Opinionation
Our Games
Videos
Blog
Mobile Apps
Partnerships
Remove Ads and Go Orange
Feedback
Science
Computer
Plants
Astronomy
Chemistry
Elements
Math
Animal
Physics
Anatomy
Biology
Geology
General Science
Science
Computer
Plants
Astronomy
Chemistry
Elements
Math
Animal
Physics
Anatomy
Biology
Geology
General Science
Random Quiz
Search Sporcle
×
Quiz Lab
Quiz Lab
Science
Nerve
Type in answers that appear in a list
Type in answers that appear in a list
Classic
Best Score? Go Orange.
Can you name all the CISTERNS of the cranial nerves? Stats
Can you name the Can you name all the CISTERNS of the cranial nerves??
By
dashloose
20m
13 Questions
2 Plays
2 Plays
2 Plays
Comments
Comments
Give Quiz Kudos
Give Quiz Kudos
-
- Ratings
hide this ad
Replay
Link that replays current quiz
Next Quiz
Link to next quiz in quiz playlist
You Got
0%
They Got
Avg Score
73%
Avg Friend Score
Upgrade to see
Score Distribution
Jump to the score distribution portion of the page
Score
0/13
Timer
20:00
0
Plays Today
Nerve
Cistern
% Correct
Optic Nerve II.
Chiasmatic Cistern
100%
Oculomotor Nerve III.
Interpeduncular Cistern
100%
Trochlear Nerve IV (2nd Part)
Ambiens Cistern
100%
Trigeminal Nerve V.
Pontocerebellar Cistern
100%
Facial Nerve VII.
Pontocerebellar Cistern
100%
Acoustic Nerve VIII.
Pontocerebellar Cistern
100%
Olfactory Nerve I.
None
50%
Trochlear Nerve IV. (1st Part)
Quadrigeminal Cistern
50%
Abducens Nerve VI.
Pontomedullary Cistern
50%
Glossopharyngeal Nerve IX.
None
50%
Vagus Nerve X.
None
50%
Accessory Nerve XI.
None
50%
Hypoglossal Nerve XII.
None
50%
Quiz Playlist
Details
Report
Send in Message
Add To Playlist
Classic:
Type in answers that appear in a list
Last Updated: Feb 16, 2017
Quiz Scoreboard
CHALLENGE
Sign Up to Join the Scoreboard
Show All
Scores
Hide
Comments
May contain spoilers
Recently Published
5x2 Blitz: Bands
by SL_Kpop136
Music
30s
Colored Red Africa Blitz
by spor1
Geography
30s
Find the 'City' Movie
by crazypaving
Movies
60s
More to Explore
Quiz From the Vault
Featured Blog Post
14 Easter Pick-up Lines to Find Eggs With
hide this ad
You Might Also Like...
Tags
cranial
Extra
Nerve
Today's Top Quizzes in Science
Browse Science
hide this ad
Today's Top Quizzes in Nerve
Browse Nerve
Top Contributed Quizzes in Science
1
Windmill: Elements
2
17 TIMES TABLE
3
Glycolysis
4
Square Numbers Scrambled (1-50)
5
Astronomy Spelling Bee
6
'C' Flowers II
7
Vet Tech Pharmacology Drug Contraindications
8
Missing Vowel Minefield: Lanthanides
9
Sorting Squares: Animals by Continent
10
3-letter Elementary Words
Explore More
Trending Topics
Marvel
Harry Potter
Kpop
Disney
Crossword
Anime
NBA
Pokémon
NFL
Country
Song
The Office
Soccer
WWE
Puzzle
hide this ad
More By:
dashloose
Quiz
Plays
Rating
Category
Featured
Created
Video game themes (Whistling)
406
4.10
Gaming
Jan 17, 2013
Can you name the CRANIAL EXITS of the cranial nerves?
113
Science
Oct 4, 2012
Can you name the DURAL EXITS of the cranial nerves?
29
Science
Oct 4, 2012
Nuclei of the Cranial Nerves
21
Science
Jan 7, 2013
Connections of the Skull
19
Science
Oct 7, 2011
Go to Creator's Profile
Score Distribution
Quiz Creator Spotlight
dashloose
Follow
Send a Message
Quizzes Created
-
Created Quiz Play Count
-
More By This Creator
Popular Quizzes Today
1
Colored Red Africa Blitz
2
Find the 'City' Movie
3
Find the US States - No Outlines Minefield
4
5x2 Blitz: Bands
5
The Countries of the World
6
Find the US States
7
Find the Countries of Europe - No Outlines Minefield
8
US States
More Science Quizzes
Mendeleev's Periodic Table
Published
Trending Quizzes
Colored Red Europe Blitz I
Colored Red Europe Blitz II
Colored Red Africa Blitz II
Colored Red Europe Blitz III
Colored Red Africa Blitz III
Recently Updated
How Do You Spell That?
pecheneg
Godzilla Movies
pecheneg
Grab Bag: 4-10 Letters
pecheneg
2024 March Madness Bracket
pecheneg
Famous TV Couples
Peacemaker
Champions League XIs: Real Madrid
pecheneg
Largest US Cities 1790-2010
pecheneg
Rides in Walt Disney World
pecheneg
Most Oscar Losses (Acting)
pecheneg
Beyoncé Albums
pecheneg
Trending Topics
NBA
Crossword
Anime
Kpop
Marvel
Harry Potter
Disney
WWE
NFL
Puzzle
Soccer
The Office
Country
Pokémon
Song
Your Account Isn't Verified!
In order to create a playlist on Sporcle, you need to verify the email address you used during registration. Go to your
Sporcle Settings
to finish the process.
Report this User
Report this user for behavior that violates our
Community Guidelines
.
Details:
Send Report
Go to the Sporcle.com Mobile Site →
Comments